000 00475nam a2200169Ia 4500
008 180921t2018 xxu||||| |||| 00| 0 sin d
041 _asin
080 _a294.3 CH
_bNDA
100 _aChandavimala himi, Rerukane
245 _aබෝධි පූජාව
246 _aBodi Poojawa
260 _bSri Chandavimala Dharma Pusthaka Sanrakshana Mandalaya
_apokunuvita
_c2018
300 _b111p, 21cm
942 _cBK
999 _c3805
_d3805
003 LK-CoDNM
040 _aLK-CoDNM
_dLK-CoDNM
_eLK-CoDNM